| 000 | | | 04172nmc2a22000003x 450 |
| 001 | | | 98398345-cfd6-4439-9771-cd42f78d22ed |
| 005 | | | 20181003160157.0 |
| 100 | ## | $a | 20161209l18131813k l0rusy0189 ca |
| 101 | 0# | $a | rus |
| 102 | ## | $a | RU |
| 200 | 1# | $a | Дело о назначении производства денег на экипаж актеру Супрунову и о назначении бенефисов ему же и Лебедеву |
| | $j | 1813 г. |
| 251 | ## | $c | Дело |
| 300 | ## | $a | Дело |
| 300 | ## | $a | Ориг. заголовок дела: Дело о выдаче актеру Супрунову 700 рублей и о даче ему и актеру Лебедеву по бенефису по препровождению и впредь их Лебедеву на экипаж по 300 рублей в год. 6 апреля 1813 г. - 16 октября 1813 г |
| 801 | #0 | $a | RU |
| | $b | РГИА |
| | $c | 20161209 |
| | $g | RCR |
| 801 | #1 | $a | RU |
| | $b | ГлавНИВЦ |
| | $c | 20161209 |
| | $2 | rusmarc |
| 801 | #2 | $a | RU |
| | $b | ПБ им. Б.Н. Ельцина |
| | $c | 20181003 |
| | $g | RCR |
| | $2 | rusmarc |
| 850 | ## | $a | РГИА |
| 852 | ## | $a | РГИА |
| | $e | Федеральное казенное учреждение "Российский государственный исторический архив" (РГИА) |
| | $j | 1188 |
| 937 | ## | $h | РГИА |
| | $d | 12235595 |
| | $a | ASBIBLIO_SCAN |
| 462 | #0 | $1 | 001dd3991dc-24e1-42ec-8838-ca4255420416 |
| | $1 | 2001 |
| | $a | 1746-1850 гг. |
| | $1 | 251 |
| | $c | Опись |
| | $1 | 852 |
| | $j | 1 |
| 461 | #0 | $1 | 0019264ebf8-de62-4f1a-9eb4-9f22098dbbd5 |
| | $1 | 2001 |
| | $a | Дирекция императорских театров МИДв |
| | $1 | 251 |
| | $c | Фонд |
| | $1 | 852 |
| | $j | 497 |
| 215 | ## | $a | 10 л. |
| | $d | 36,5х26 см |
| 371 | ## | $a | Документ не является опубликованным и широко распространяемым |
| 105 | ## | $a | y### |
| 122 | 2# | $a | d |
| 517 | 1# | $a | Дело о выдаче актеру Супрунову 700 рублей и о даче ему и актеру Лебедеву по бенефису по препровождению и впредь их Лебедеву на экипаж по 300 рублей в год. 6 апреля 1813 г. - 16 октября 1813 г |
| 035 | ## | $a | 98398345-cfd6-4439-9771-cd42f78d22ed |
| 856 | ## | $u | http://readingroom.main.prlib.ru/item.aspx?id_node=n118852428&mode=full |